01086nam a22002417a 450000500170000000800410001702000150005804000090007304100080008208200210009010000180011124500680012926000430019730000300024036500430027044000100031352004370032352100060076065000200076665000150078670000200080170000230082120220528090959.0220524b ||||| |||| 00| 0 eng d a8122003079 cAloy aeng 223a954.04bCHOC aP N Chopra Ed aCollected works of Sardar Vallabhbhai Patel Vol.III (1930-1931) aDelhibKonark Publishers Pvt Ltdc1993 axxxii,298p.bHBc25x19cm. 2Political Scienceb500.00c₹d500.00 vVol.3 aThese volumes on Vallabhbhai Patel compiled from various journals and periodicals trace Patel's life from 1918, when he made his debut in politics and came into close contact with Mahatma Gandhi. An advisory committee comprising Shri Nijalingappa as Chairman, Union Ministers, Chief Ministers and statesmen of various states and Dr P.N. Chopra, an eminent historian as Chief Editor, have supervised the compilation of these volumes. a. aSalt Satyagraha aJail Diary aCHOPRA (P N) Ed aCHOPRA (Prabha) Ed